00349nam a2200145Ia 4500008004100000020001800041041000800059082001500067100001300082245004600095260002500141300000800166365001600174700001300190230718s9999 xx 000 0 und d a9781593156329 aeng a158.1bTRA aTracy B. aNo Excuses!bThe Power Of Self Discipline c2010bVanguard Press a293 cRs.b414.00 aTracy B.